| 000 | 00647aam a2200241 4500 | ||
|---|---|---|---|
| 005 | 20170203191717.0 | ||
| 008 | 150715b xxu||||| |||| 00| 0 spa d | ||
| 041 | _aEspañol | ||
| 082 | _a338.173.73 V422c | ||
| 100 |
_aVega Jiménez, Patricia _931254 |
||
| 245 | _aCon sabor a tertulia: historia del consumo del café en Costa Rica | ||
| 260 | _aCosta Rica | ||
| 260 | _bUniversidad de Costa Rica | ||
| 260 | _c2006 | ||
| 300 | _a328 páginas | ||
| 650 |
_aCAFÉ _97708 |
||
| 650 |
_aHISTORIA _943 |
||
| 650 |
_aVIDA SOCIAL _97539 |
||
| 650 |
_aCOMERCIO _93 |
||
| 650 |
_aCOSTUMBRES _94420 |
||
| 650 |
_aCONSUMO _92537 |
||
| 942 | _cBK | ||
| 999 |
_c1736 _d1736 |
||